Water Environment (Water Framework Directive)(England and Wales) Regulations 2003 (Record no. 103307)

MARC details
000 -LEADER
fixed length control field 01471cad a22002175a 4500
001 - CONTROL NUMBER
control field L124892
008 - FIXED-LENGTH DATA ELEMENTS--GENERAL INFORMATION
fixed length control field 040122s2003 xxk l f000 0 eng u
020 ## - INTERNATIONAL STANDARD BOOK NUMBER
International Standard Book Number 0110483553
035 ## - SYSTEM CONTROL NUMBER
System control number (Sirsi) u124892
041 ## - LANGUAGE CODE
Language code of text/sound track or separate title eng
245 00 - TITLE STATEMENT
Title Water Environment (Water Framework Directive)(England and Wales) Regulations 2003
Medium [electronic resource]
260 ## - PUBLICATION, DISTRIBUTION, ETC.
Place of publication, distribution, etc. London
Name of publisher, distributor, etc. HMSO
Date of publication, distribution, etc. 2003
490 ## - SERIES STATEMENT
Series statement SI
Volume/sequential designation 2003: 3242
520 ## - SUMMARY, ETC.
Summary, etc. Came into force 2 January 2004. Implement Directive 2000/60/EC which establishes a framework for Community action in the field of water policy known as the water framework directive. The regulations require a new strategic planning policy to be established for the purposes of managing, protecting and improving the quality of water resources in river basin districts. The Environment Agency is responsible for preparing river basin management plans for each river basin district which must include results of technical analytical data, environmental objectives and proposals for programmes of measures. See Explanatory Note for full details of regulations. View at www.legislation.hmso.gov.uk/si/.
650 ## - SUBJECT ADDED ENTRY--TOPICAL TERM
Topical term or geographic name entry element WATER ENVIRONMENT (WATER FRAMEWORK DIRECTIVE) (ENGLAND AND WALES) REGULATIONS 2003
650 ## - SUBJECT ADDED ENTRY--TOPICAL TERM
Topical term or geographic name entry element DIRECTIVE 2000/60/EC
650 ## - SUBJECT ADDED ENTRY--TOPICAL TERM
Topical term or geographic name entry element WATER MANAGEMENT
690 ## - LOCAL SUBJECT ADDED ENTRY--TOPICAL TERM (OCLC, RLIN)
Topical term or geographic name as entry element Environment
9 (RLIN) 6238
856 ## - ELECTRONIC LOCATION AND ACCESS
Uniform Resource Identifier <a href="https://www.legislation.gov.uk/uksi/2003/3242/contents/made">https://www.legislation.gov.uk/uksi/2003/3242/contents/made</a>
Public note View the Regulations free of charge at www.legislation.gov.uk
942 ## - ADDED ENTRY ELEMENTS (KOHA)
Suppress in OPAC 0
Holdings
Withdrawn status Lost status Source of classification or shelving scheme Damaged status Not for loan Home library Current library Shelving location Date acquired Total Checkouts Full call number Barcode Date last seen Copy number Price effective from Koha item type
    Dewey Decimal Classification     Virtual Virtual Online 22/01/2004   ONLINE PUBLICATION 124892-2001 06/08/2019 1 06/08/2019 Book